Normal view
MARC view
- Ahmad Shah Abdali
Entry Corporate Name
001 - CONTROL NUMBER
- control field: 124780
003 - CONTROL NUMBER IDENTIFIER
- control field: NUST
005 - DATE AND TIME OF LATEST TRANSACTION
- control field: 20240725094545.0
008 - FIXED-LENGTH DATA ELEMENTS
- fixed length control field: 240725|| aca||aabn | a|a d
040 ## - CATALOGING SOURCE
- Original cataloging agency: NUST
- Transcribing agency: NUST
110 ## - HEADING--CORPORATE NAME
- Corporate name or jurisdiction name as entry element: Ahmad Shah Abdali
670 ## - SOURCE DATA FOUND
- Source citation: Work cat.: (NUST): Singh Ganda 124779, Ahmad Shah Abdali, 2010.
